000
00323nam a22001457a 4500
008
230502b ||||| |||| 00| 0 eng d
020
_a
9781851099474
041
_a
eng
080
_2
VOLUME TWO
_a
94
082
_a
94TUC
100
_a
30
101
_a
HISTORI
245
_a
MIDDLE EAST WARS
_c
TUCKER.C.S
942
_2
udc
_c
BK
999
_c
59650
_d
59650